000 00640nam a2200181Ia 4500
008 100917s9999 xx 000 0 und d
082 _b57126
100 _aआपटे वि. ग.
245 _aगायत्री पुरश्चरण पध्दती
260 _bआनंदाश्रम मुद्रणालय
_c1937
300 _a99
365 _b1.5
520 _aअध्यात्म
630 _aगायत्री पुरश्चरण पध्दती
650 _aअध्यात्म
730 _aगायत्री पुरश्चरण पध्दती
942 _cBOOK
999 _c662520
_d662517